000 00992cam7a220024100 4500
001 qcf00639702
005 20190823085253.0
008 830629s1935 gw a 000 0 ger d
035 _a(Sirsi) r54765
035 _a(QCAT)lss03807281
035 _a(UPRA)qcf00639702
040 _dUPRA
100 1 _cRitter von Westersheim, d8.1..21.10
_6A13584.1
245 1 0 _aHandbuch der systematischen Botanik.
250 _aVierte, umgearbeite Auflage.
260 _aLeipzig ; Wien :
_aLeipzig ; Wien :
_bFranz Deuticke,
_c1935.
500 _aAlso issued in 2 v., 1933-35, paged continuously. Bd. I partly revised by author before his death. Work finished by his son, Fritz Wettstein. cf Geleitwort.
504 _aIncludes bibliographical references.
650 0 _aBotany -- Classification.
_xBotany -- Classification.
_6S818.1
700 1 _aWettstein, Fritz von, 1895-
_dWettstein, Fritz von, 1895-
_6A13585.1
949 _aQK97
_wlcc
_i33729000339064
_mMAIN
_p2500
_tBOOK
_lON-SHELF
004 54765
999 _c141555
_d141555